كتاب الذيل على طبقات الحنابلة

Bibliographic Details
Main Author: ابن رجب، عبد الرحمن بن احمد , 1336-1393 (Author)
Format: Book
Published: Bayrut : Dar al-Ma`rifah , [n.d.]
Subjects:

MARC

LEADER 00000cam a2200000 7i4500
001 0000005604
005 20160202093000.0
008 021119n
090 0 0 |a BP70   |b .R34 
100 0 |a ابن رجب، عبد الرحمن بن احمد ,   |d 1336-1393 ,   |e author 
245 1 0 |a كتاب الذيل على طبقات الحنابلة   |c ابن رجب زين الدين ابي الفرج عبد الرحمن بن شهاب الدين احمد البغدادي الدمشقي الحنبل 
260 2 |a Bayrut :   |b Dar al-Ma`rifah ,   |c [n.d.] 
300 |a 4 v. ;   |c 24 cm. 
650 0 |a Hanbalites 
745 0 0 |a Kitab al-dhayl `ala Tabaqat al-Hanabilah 
999 |a 1000015713   |b Book   |c OPEN SHELF (30 DAYS)   |e Gong Badak Campus 
999 |a 1000015714   |b Book   |c OPEN SHELF (30 DAYS)   |e Gong Badak Campus 
999 |a 1000015715   |b Book   |c OPEN SHELF (30 DAYS)   |e Gong Badak Campus 
999 |a 1000015716   |b Book   |c OPEN SHELF (30 DAYS)   |e Gong Badak Campus 
999 |a 1000015717   |b Book   |c OPEN SHELF (30 DAYS)   |e Gong Badak Campus 
999 |a 1000015718   |b Book   |c OPEN SHELF (30 DAYS)   |e Gong Badak Campus 
999 |a 1000015719   |b Book   |c OPEN SHELF (30 DAYS)   |e Gong Badak Campus 
999 |a 1000015720   |b Book   |c OPEN SHELF (30 DAYS)   |e Gong Badak Campus